000 01302nam a2200313 4500
003 EC-QuCCB
005 20260414094724.0
007 ta
008 260413s1981 ec ||||gr|||| 001 0 spa d
040 _aEC-QuCCB
041 _aspa
082 _a325.3
_bC227
100 1 _aCano, Ginette,
_944526
245 _aLos nuevos conquistadores :
_bel Instituto Lingüístico de Verano en América Latina
_cGinette Cano, Karl Neufeldt, Heinz Schulze [y otros cuatro]
250 _aPrimera edición
260 _aQuito, Ecuador :
_bCEDIS,
_bFENOC,
_c1981
300 _a385 páginas :
_bilustraciones ;
_c21 cm
336 _atexto
_btxt
337 _ano mediado
_bn
338 _avolumen
_bnc
505 _aAntecedentes del trabajo -- La fundación de WBT -- La expansión del ILV/WBT -- La doctrina religiosa -- Comentarios sobre los indígenas en América Latina -- Métodos sobre la influencia a los indígenas -- El trabajo en América Latina. Chile -- Panamá -- Venezuela -- Brasil -- México -- Colombia -- Perú -- Ecuador -- Bolivia
590 _abgg
650 4 _aAculturación
_910850
650 4 _aIndígenas de América del Sur
_913341
700 1 _aNeufeldt, Karl,
_d1947-
_944527
700 1 _aNeufeldt, Karl,
_d1947-
_944527
942 _2ddc
_cBK
999 _c83835
_d83835